Achieving your award in education and training: : a practical guide to successful teaching in the further education and skills sector

Kaydedildi:
Detaylı Bibliyografya
Yazar: FRANCIS, Mary
Materyal Türü: Kitap
Dil:İngilizce
Baskı/Yayın Bilgisi: Sage Publications, 2014.
Etiketler: Etiketle
Etiket eklenmemiş, İlk siz ekleyin!

MARC

LEADER 00000nam a22000007a 4500
008 210126b ||||| |||| 00| 0 eng d
020 |a 978-1-4462-9823-7 
100 |a FRANCIS, Mary.  
245 |a Achieving your award in education and training:   |b : a practical guide to successful teaching in the further education and skills sector  |c Mary Francis and Jim Gould  |f Sage Publications  |g . viii, 291p.; ill 
250 |b 3rd ed.-   |c Mary Francis and Jim Gould. 
260 |b Sage Publications,  |c 2014.  |h Los Angeles:   |i 692411   |i  692412  |l LC5256 .F85  
500 |a “It includes references and index”. 
942 |a lcc  |c BK  |e j o ifatola  |f 26/1/2021 
952 |0 0  |1 0  |2 lcc  |4 0  |6 LC5256 F85  |7 0  |9 1874  |a HOL  |b HOL  |c LP  |d 2021-01-26  |l 0  |o LC5256 .F85   |p 2021-5741  |r 2021-01-26 00:00:00  |w 2021-01-26  |y BK 
999 |c 983  |d 983